000 00722nam a2200241 i 4500
001 C2-0304426
003 PPAK
005 20180728085507.0
008 100520s my a|||| ||||| | may d
040 _aPPAK
_beng
_cPPAK
_erda
082 0 4 _a959.5
_223
090 0 0 _a959.5
_bJEN
_dKK
100 0 _aJeniri Amir,
_eauthor
245 1 0 _aRetorik perpaduan Tunku, Tan Cheng Lock dan Sambanthan
264 1 _aKedah :
_c[date of publication not identified]
300 _a4 pages :
_billustrations ;
_c30 cm
336 _2rdacontent
_atext
337 _2rdamedia
_aunmediated
338 _2rdacarrier
_avolume
500 _aArtikel dari majalah Dewan Bahasa - April 2010
650 1 0 _aMalaysia - History
942 _ddc
_cB
999 _c107560
_d107560